Alcoholism / (Record no. 17501)

MARC details
000 -LEADER
fixed length control field 01091cam a2200325 a 4500
001 - CONTROL NUMBER
control field 579998
003 - CONTROL NUMBER IDENTIFIER
control field OSt
005 - DATE AND TIME OF LATEST TRANSACTION
control field 20211110121806.0
008 - FIXED-LENGTH DATA ELEMENTS--GENERAL INFORMATION
fixed length control field 900509s1990 njua j b 001 0 eng
010 ## - LIBRARY OF CONGRESS CONTROL NUMBER
LC control number 90012578
020 ## - INTERNATIONAL STANDARD BOOK NUMBER
International Standard Book Number 0531108791
040 ## - CATALOGING SOURCE
Original cataloging agency DLC
Transcribing agency hu
Modifying agency DLC
042 ## - AUTHENTICATION CODE
Authentication code lcac
043 ## - GEOGRAPHIC AREA CODE
Geographic area code n-us---
050 00 - LIBRARY OF CONGRESS CALL NUMBER
Classification number HV5066
Item number .S55 1990
082 00 - DEWEY DECIMAL CLASSIFICATION NUMBER
Classification number 362.29/2
Edition number 20
100 1# - MAIN ENTRY--PERSONAL NAME
Personal name Silverstein, Herma.
9 (RLIN) 17685
245 10 - TITLE STATEMENT
Title Alcoholism /
Statement of responsibility, etc. Herma Silverstein.
260 ## - PUBLICATION, DISTRIBUTION, ETC.
Place of publication, distribution, etc. New York :
Name of publisher, distributor, etc. Franklin Watts,
Date of publication, distribution, etc. 1990.
300 ## - PHYSICAL DESCRIPTION
Extent 126 p. :
Other physical details ill. ;
Dimensions 24 cm.
490 0# - SERIES STATEMENT
Series statement A Venture book
504 ## - BIBLIOGRAPHY, ETC. NOTE
Bibliography, etc. note Includes bibliographical references (p. 122-123 )and index.
520 ## - SUMMARY, ETC.
Summary, etc. Discusses how alcohol affects the body and the lives of both alcoholics and those closest to them.
650 #0 - SUBJECT ADDED ENTRY--TOPICAL TERM
Topical term or geographic name entry element Alcoholism
General subdivision Juvenile literature.
9 (RLIN) 17686
650 #0 - SUBJECT ADDED ENTRY--TOPICAL TERM
Topical term or geographic name entry element Alcoholics
General subdivision Rehabilitation
Geographic subdivision United States
General subdivision Juvenile literature.
9 (RLIN) 17687
650 #1 - SUBJECT ADDED ENTRY--TOPICAL TERM
Topical term or geographic name entry element Alcoholism.
9 (RLIN) 17688
906 ## - LOCAL DATA ELEMENT F, LDF (RLIN)
a 7
b cbc
c orignew
d 1
e ocip
f 19
g y-gencatlg
942 ## - ADDED ENTRY ELEMENTS (KOHA)
Source of classification or shelving scheme Dewey Decimal Classification
Koha item type Books like text book referance book
Suppress in OPAC No
Holdings
Withdrawn status Lost status Source of classification or shelving scheme Damaged status Not for loan Home library Current library Shelving location Date acquired Total Checkouts Full call number Barcode Date last seen Copy number Price effective from Koha item type
    Dewey Decimal Classification     Social Library Social Library General Stacks 11/10/2021   362,29'2/sil SHLIB 00002980 11/10/2021 c1 11/10/2021 Books like text book referance book